Londoner Fußballvereine in der Premier Ligue - Statistiken

Allgemein
  • Dieses Quiz wurde 418 mal gespielt
  • Das Durchschnittsergebnis liegt bei 5 aus 7
Antwortstatistiken
Verein % Korrekt
Arsenal
98%
Chelsea
93%
Tottenham
90%
West Ham
76%
Crystal Palace
57%
Fulham
51%
Brentford
36%
Keine übereinstimmenden Quizze gefunden
Verteilung der Resultate
Anzahl Personen mit jedem Resultat
Perzentil nach korrekt beantworteten Fragen
Ihre Resultats-Entwicklung
Sie haben dieses Quiz noch nicht gespielt